000 01438nam2a22002531 4500
001 RU\NLR\INFOCOMM15\1000149131
005 20250617131420.0
035 _a(NLR Aleph) 002622878
090 _a3630381
_c3630381
100 _a20040819d1986 |||y0rusy50 ca
101 0 _arus
102 _aRU
105 _ay |||||||||
200 1 _aСовременное состояние и основные тенденции развития приборов для электрофореза
_fЮ.А. Лонский и др.
210 _d1986
_aБ. м.
461 0 _1001RU\NLR\INFOCOMM15\1000149076
_12001#$aПриборы, средства автоматизации и системы управления$eОбзор. информ.$hТС-4$iАналитические приборы и приборы для научных исследований$fЦНИИТЭИ приборостроения$v1986, Вып.4
_93629907
_cМ.
_d1971-
_fЦНИИТЭИ приборостроения
_hТС-4
_iАналитические приборы и приборы для научных исследований
_oОбзор. информ.
_tПриборы, средства автоматизации и системы управления
_v1986, Вып.4
700 1 _aЛонский
_bЮ.А.
_4070
801 1 _aRU
_bInfoComm
_c20040819
801 0 _aRU
_bNLR
_gPSBO
852 _aNLR
_jП10/4151
942 _cISSUE
980 _aNB
980 _aRUSPER